The chemistry of plant constituents /

Bibliographic Details
Main Author: Gisvold, Ole, 1904-
Other Authors: Rogers, Charles H. (Charles Herbert), 1889-
Format: Book
Language:English
Published: Minneapolis, Minn. : Burgess publishing co., 1943.
Edition:Rev. ed.
Subjects:

MARC

Tag First Indicator Second Indicator Subfields
LEADER 00000cam a2200000 4500
001 in00000040198
005 20151007072347.0
008 770811s1943 mnua b 00010 eng
010 |a  41021333  
035 |a (OCoLC)03181057 
035 |9 AAE7739AM 
040 |a DLC  |c OCP  |d TXA  |d UtOrBLW 
049 |a TXAM  |c [118165] 
050 0 |a QK861  |b .G5 1941 
082 0 |a 581.19 
092 |a 581.19  |b G535c, 1943 
100 1 |a Gisvold, Ole,  |d 1904- 
245 1 4 |a The chemistry of plant constituents /  |c by Ole Gisvold and Charles H. Rogers. 
250 |a Rev. ed. 
264 1 |a Minneapolis, Minn. :  |b Burgess publishing co.,  |c 1943. 
300 |a viii, 484 pages including tables (1 folded) ;  |c 28 x 22 cm. 
336 |a text  |b txt  |2 rdacontent 
337 |a unmediated  |b n  |2 rdamedia 
338 |a volume  |b nc  |2 rdacarrier 
500 |a Reproduced from type-written copy. 
504 |a Bibliographical foot-notes. 
650 0 |a Plants  |x Analysis. 
650 0 |a Pharmaceutical chemistry. 
700 1 |a Rogers, Charles H.  |q (Charles Herbert),  |d 1889- 
999 |a MARS 
999 f f |s 75da9a10-1d23-3906-a3b0-200c07da4763  |i 076bb6a9-2e8f-3140-9225-a6bee5df064c  |t 0 
952 f f |p ric  |a Texas A&M University  |b Rellis Campus  |c Joint Library Facility  |d Remote Storage  |t 0  |e QK861 .G5 1941  |h Library of Congress classification  |i unmediated -- volume  |m A14800988514 
998 f f |a QK861 .G5 1941  |t 0  |l Remote Storage